01924nam a2200289 u 45000010006000000050017000060080041000230200015000640350010000790350021000890400013001100410008001230800007001310820008001381000048001462450060001942500052002542600054003063000018003604900057003785000165004355200929006006500027015296500017015566500017015736500044015902688520260504074308.0960313m19672000 spa  a8424913329 a26885 a(OCoLC)778068697 ccomduadb aspa aAE 4a46310aCoromines Vigneaux, Joan,d 1905-4auteaut10aBreve diccionario etimológico de la lengua castellana a1. edición ; 3. edición revisada y mejorada aBarcelona :bEditorial Gredos,c1967, 1973 c2000. a627 páginas0 aBiblioteca Románica Hispánica. Diccionarios ;v2 aBIBLIOTECA MARTA CECILIA VÉLEZ SALDARRIAGA : Con firma original de Marta Cecilia Vélez Saldarriaga en primera página, Texto sin subrayados ni anotaciones.3 a"Decir a quiénes y para qué se destina es dar un libro la mejor definición. Éste se ha escrito para el público no especializado en lingüística, con objeto de informarle breve y claramente de lo que se sabe acerca del origen de las palabras castellanas comúnmente conocidas por la gente educada. He pensado, pues, en cuatro tipos de lectores: estudiantes de todas las disciplinas, aunque acordándome de que los de ciencias humanísticas y filológicas lo emplearán, naturalmente, más que otros; extranjeros cultos que tratan de adquirir del castellano un conocimiento algo sistemático, no meramente práctico; profesores que enseñan cualquier materia, eruditos no lingüistas y lingüistas especializados en otras lenguas, romances o no romances; y, en general y muy especialmente, todo el público educado de lengua castellana que no se contente con un conocimiento superficial de su idioma." aEspañol - Etimologia 0aEtimología aDiccionarios aFondo Marta Cecilia Vélez Saldarriaga